| 000 | 00664nam a2200301Ia 4500 | ||
|---|---|---|---|
| 005 | 20260401122136.0 | ||
| 008 | 008 250103s9999 xx 000 0 eng d | ||
| 020 | _a485120593 | ||
| 037 | _aTB | ||
| 040 | _aEDL | ||
| 040 | _beng | ||
| 040 | _cEDL | ||
| 041 | _2eng | ||
| 041 | _aeng | ||
| 084 | _a848.9 FOU | ||
| 084 | _qEDL | ||
| 100 | _aFoucault, Michel | ||
| 245 | 0 | _aDeath and the Labyrinth: World of Raymond Roussel | |
| 245 | 0 | _cFoucault, Michel | |
| 260 | _aLondon | ||
| 260 | _bAthlone Press | ||
| 260 | _c1987 | ||
| 300 | _a186p | ||
| 942 | _cTB | ||
| 942 | _h848.9 FOU | ||
| 999 |
_c1845222 _d1845222 |
||